| 000 | 00908nam a22002177a 4500 | ||
|---|---|---|---|
| 003 | OSt | ||
| 005 | 20170608093113.0 | ||
| 008 | 140214b2016 slv spa | ||
| 040 | _cBMC | ||
| 082 | _a624 | ||
| 100 | 1 |
_940273 _aGóchez Aguilar, José Raúl |
|
| 245 | 1 | 0 |
_aPasantía en Salazar Romero S.A. de C.V. _b: Informe final _cJosé Raúl Góchez Aguilar |
| 260 |
_aSanta Ana (El Salvador) _bUniversidad Católica de El Salvador _c2016 |
||
| 300 |
_a186 h. _bplanos _c27 cm _e+ 1 disco compacto |
||
| 500 | _aPrecede al tít.: Universidad Católica de El Salvador, Facultad de Ingeniería y Arquitectura | ||
| 500 | _aPeríodo de realización: del 01 de febrero al 01 de agosto de 2016 | ||
| 502 | _aPara optar al título de: Ingeniero cívil | ||
| 650 | 2 | 4 |
_98218 _aIngeniería civil |
| 710 | 2 |
_91166 _aUniversidad Católica de El Salvador _bFacultad de Ingeniería y Arquitectura |
|
| 942 |
_2ddc _cTG |
||
| 999 |
_c26367 _d26367 |
||